000 01075nam2a2200229 4500
001 rc\2973854
005 20260315061817.0
035 _a(NLR Aleph) 007119710
090 _a13608318
_c13608318
100 _a20110908d1940 u y0rusy50 ca
101 0 _arus
102 _aRU
105 _ay z |||||
200 1 _aиздания 1938 г.
210 _d1940
215 _a5, [1] с. in recto.
461 0 _1001rc\2973852
_12001#$aСводка ... измерений в "Справочнике по сортировке корреспонденции в Москву ...$eN 2-$fНар. ком. связи Союза ССР. Моск. почтамт$v№ 8
_96850394
_aМосковский почтамт
_cМосква
_d1939
_fНар. ком. связи Союза ССР. Моск. почтамт
_nБ. и.
_oN 2-
_tСводка ... измерений в "Справочнике по сортировке корреспонденции в Москву ...
_v№ 8
801 0 _aRU
_bNLR
_gpsbo
801 1 _aRU
_bELAR
_2rusmarc
852 _aNLR
_j39-17/419
942 _cUNSPEC
980 _aNB